000 00890nmc a2200277 a 4500
003 AR-BaBNM
005 20251128204303.0
008 011101s1981 ||||||||||||||000 | spa||
040 _cAR-BaBNM
100 1 _aMantovani, Juan
_d1898-1961
245 1 0 _aEducación y plenitud humana
250 _a12ª ed.
260 _aBuenos Aires
_bEl Ateneo
_c1981
300 1 _avii, 145 p.
490 0 _aBiblioteca Nuevas Orientaciones de la Educación. Filosofía y Lógica aplicadas a la Educación
504 _aContiene bibliografía en notas a pie de página
650 4 _aTEORIAS DE LA EDUCACION
650 4 _aFILOSOFIA DE LA EDUCACION
650 4 _aFINALIDADES DE LA EDUCACION
650 4 _aDERECHO A LA EDUCACION
800 1 _aTula, María Arsenia
_edirector
800 1 _aBähler, N. Ruth
_edirector
800 1 _aMárquez, Angel Diego
_edirector
942 _cBK
998 _csilvi
999 _c6866
_d6866